| 000 | 00441nam a22001697a 4500 | ||
|---|---|---|---|
| 999 |
_c525966 _d525966 |
||
| 003 | NUST | ||
| 020 | _qH/B | ||
| 038 | _awaseem | ||
| 082 |
_a891.4391 _bHUS |
||
| 100 |
_aHussain, Mehboob _916910 |
||
| 245 |
_aDiwan-e-Mehboob / _cMehboob Hussain |
||
| 260 |
_aLahore : _bHaq Numa Publications, _c2000. |
||
| 300 | _a120 p. ; | ||
| 880 |
_6100-01\r _aمحبوب حسین |
||
| 880 |
_6245-02\r _aدیوانِ محبوب / |
||
| 942 |
_2ddc _cBK |
||